<?xml version="1.0" encoding="UTF-8"?>
<record
    xmlns:xsi="http://www.w3.org/2001/XMLSchema-instance"
    xsi:schemaLocation="http://www.loc.gov/MARC21/slim http://www.loc.gov/standards/marcxml/schema/MARC21slim.xsd"
    xmlns="http://www.loc.gov/MARC21/slim">

  <leader>00741cam a2200277   4500</leader>
  <controlfield tag="001">28884</controlfield>
  <controlfield tag="005">20220405165330.0</controlfield>
  <datafield tag="090" ind1=" " ind2=" ">
    <subfield code="a">28884</subfield>
  </datafield>
  <datafield tag="095" ind1=" " ind2=" ">
    <subfield code="a">PTBN00322909</subfield>
  </datafield>
  <datafield tag="100" ind1=" " ind2=" ">
    <subfield code="a">20080416d1985    c  y0pory5003    ba</subfield>
  </datafield>
  <datafield tag="101" ind1="0" ind2=" ">
    <subfield code="a">por</subfield>
  </datafield>
  <datafield tag="102" ind1=" " ind2=" ">
    <subfield code="a">PT</subfield>
  </datafield>
  <datafield tag="105" ind1=" " ind2=" ">
    <subfield code="a">a   z   000fy</subfield>
  </datafield>
  <datafield tag="106" ind1=" " ind2=" ">
    <subfield code="a">r</subfield>
  </datafield>
  <datafield tag="930" ind1=" " ind2=" ">
    <subfield code="l">BECRE</subfield>
  </datafield>
  <datafield tag="675" ind1=" " ind2=" ">
    <subfield code="a">087.5</subfield>
    <subfield code="v">BN</subfield>
    <subfield code="z">por</subfield>
  </datafield>
  <datafield tag="675" ind1=" " ind2=" ">
    <subfield code="a">821.134.3-93"19"</subfield>
    <subfield code="v">BN</subfield>
    <subfield code="z">por</subfield>
  </datafield>
  <datafield tag="675" ind1=" " ind2=" ">
    <subfield code="a">821.134.3-34"19"</subfield>
    <subfield code="v">BN</subfield>
    <subfield code="z">por</subfield>
  </datafield>
  <datafield tag="700" ind1=" " ind2="1">
    <subfield code="a">Soares,</subfield>
    <subfield code="b">Lu&#xED;sa Ducla,</subfield>
    <subfield code="f">1939-</subfield>
    <subfield code="9">2431</subfield>
  </datafield>
  <datafield tag="702" ind1=" " ind2="1">
    <subfield code="a">Nemeth,</subfield>
    <subfield code="b">Maria</subfield>
    <subfield code="4">440</subfield>
  </datafield>
  <datafield tag="200" ind1="1" ind2=" ">
    <subfield code="a">O senhor pouca sorte</subfield>
    <subfield code="f">Lu&#xED;sa Ducla Soares</subfield>
    <subfield code="g">il. Maria Nemeth</subfield>
  </datafield>
  <datafield tag="210" ind1=" " ind2=" ">
    <subfield code="a">[Lisboa]</subfield>
    <subfield code="c">Livros Horizonte,</subfield>
    <subfield code="d">cop. 1985</subfield>
  </datafield>
  <datafield tag="215" ind1=" " ind2=" ">
    <subfield code="a">[16] p.</subfield>
    <subfield code="c">il.</subfield>
    <subfield code="d">16 cm</subfield>
  </datafield>
  <datafield tag="225" ind1="2" ind2=" ">
    <subfield code="a">Sete estrelas</subfield>
    <subfield code="v">13</subfield>
  </datafield>
  <datafield tag="801" ind1=" " ind2="0">
    <subfield code="a">PT</subfield>
    <subfield code="b">BN</subfield>
    <subfield code="g">RPC</subfield>
  </datafield>
  <datafield tag="990" ind1=" " ind2=" ">
    <subfield code="c">LIVROS</subfield>
  </datafield>
  <datafield tag="995" ind1=" " ind2=" ">
    <subfield code="0">0</subfield>
    <subfield code="1">0</subfield>
    <subfield code="9">40302</subfield>
    <subfield code="b">BEAGU</subfield>
    <subfield code="d">BEAGU</subfield>
    <subfield code="f">376BA</subfield>
    <subfield code="k">087.5 SOA</subfield>
    <subfield code="o">0</subfield>
    <subfield code="r">LIVROS</subfield>
    <subfield code="a">BEAGU</subfield>
    <subfield code="c">BEAGU</subfield>
    <subfield code="q">18</subfield>
  </datafield>
</record>
